000 00959nam a22002415i 4500
001 164841
003 ES-MaACL
005 20230906213022.0
008 050809s1783 sz a | |||||||| ||fre d
040 _aCAM
_bspa
_cCAM
100 1 _aSaussure, Horace Bénédit de.
_9132506
245 1 0 _aEssais sur l'hygroméytrie ... /
_cpar Horace-Bénédit de Saussure...
260 _aA Nauchatel :
_bchez Samuel Fauche Pere et Fils imprimeurs ...,
_c1783.
300 _aXII, 524 p., [1] h., [10] h. pleg., [2] h. pleg. de grab. ;
_c8º.
597 _aSign.: a\p6\s, A-Z\p8\s, Aa-Hh\p8\s, Ii\p5\s.
597 _aPort. con viñeta xil.
597 _aAntep.
597 _aErrores de pag. debidos a las h. pleg.
650 4 _aMetereología.
_915019
700 1 _aFauche, Samuel,
_eimp.
_9127015
752 _aSuiza -
_dNeuchatel
852 _aES-MaACL
_jR-871
_z-- Enc. perg.
_z-- Dedic. ms. de ¿? Ortega Mayor a la biblioteca del Ateneo de Madrid
_z-- G-1554
999 _c164841
_d164841